Celebrities when they were children-Pictures #2 - Statistics

General Stats
  • This quiz has been taken 133 times
  • The average score is 5 of 12
Answer Stats
Picture Hint Answer % Correct
Actor Brad Pitt
81%
Singer Beyoncé
76%
Actress Kristen Stewart
59%
Singer and actress Miley Cyrus
58%
member of the royal family Kate Middleton
46%
Puerto Rican singer Ricky Martin
40%
Singer and model. Victoria Beckham
39%
French soccer player. Zinédine Zidane.
35%
Singer and actor Justin Timberlake
32%
French politician Nicolas Sarkozy
26%
French actress and singer. Vanessa Paradis
25%
Producer and TV animator Simon Cowell
1%
No matching quizzes found
Score Distribution
Percent of People with Each Score
Percentile by Number Answered
Your Score History
You have not taken this quiz